000 00478nam a2200181Ia 4500
008 240925s9999 xx 000 0 und d
020 _a006046299x
082 _a624.171 SMI
100 _aSmith, J. C.
245 0 _aUser Manual to Accompany Structural Analysis
250 _aNA
260 _aNew York:
_bHarpper and Row
_c,1988.
300 _axiii,618p.
_bNA
_fOriginal
500 _aIncludes Index
600 _aElectronic Engineering
650 _aTechnology
942 _cBK
999 _c3838
_d3838